Cases in Strategic Management (Record no. 4323)
[ view plain ]
| 005 - DATE AND TIME OF LATEST TRANSACTION | |
|---|---|
| control field | 20250618153041.0 |
| 020 ## - INTERNATIONAL STANDARD BOOK NUMBER | |
| International Standard Book Number | 0-07-231978-X |
| 082 ## - DEWEY DECIMAL CLASSIFICATION NUMBER | |
| Classification number | 658.4 STR |
| 100 ## - MAIN ENTRY--PERSONAL NAME | |
| Author name | STRICKLAND . A .J |
| 245 ## - TITLE STATEMENT | |
| Title | Cases in Strategic Management |
| 250 ## - EDITION STATEMENT | |
| Edition statement | 12th Ed. |
| 260 ## - PUBLICATION, DISTRIBUTION, ETC. | |
| Place of publication, distribution, etc. | New York |
| Name of publisher, distributor, etc. | McGrwa-Hill Irwin |
| Date of publication, distribution, etc. | 2001. |
| 300 ## - PHYSICAL DESCRIPTION | |
| Extent | xxiv, 615p.: ill.; figures, tables |
| Dimensions | 25cm |
| 700 ## - ADDED ENTRY--PERSONAL NAME | |
| Other authors/Editors | Arthur A. Thompson |
| 700 ## - ADDED ENTRY--PERSONAL NAME | |
| Other authors/Editors | John Gamble |
| 942 ## - ADDED ENTRY ELEMENTS (KOHA) | |
| Source of classification or shelving scheme | Dewey Decimal Classification |
| Koha item type | Books |
| Date last seen | Total checkouts | Full call number | Barcode | Cost, replacement price | Price effective from | Koha item type | Lost status | Source of classification or shelving scheme | Damaged status | Not for loan | Withdrawn status | Home library | Current library | Shelving location | Date acquired | Source of acquisition | Cost, normal purchase price |
|---|---|---|---|---|---|---|---|---|---|---|---|---|---|---|---|---|---|
| 06/26/2025 | 658.4'012STR, | DOM0001470 | 165000.00 | 06/26/2025 | Books | Dewey Decimal Classification | CBE Dodoma | CBE Dodoma | General Collection | 12/18/2003 | 55000.00 | ||||||
| 06/26/2025 | 658.4'012STR, | DOM0001471 | 165000.00 | 06/26/2025 | Books | Dewey Decimal Classification | CBE Dodoma | CBE Dodoma | General Collection | 12/18/2003 | 55000.00 | ||||||
| 06/26/2025 | 658.4'012STR, | DOM0001472 | 165000.00 | 06/26/2025 | Books | Dewey Decimal Classification | CBE Dodoma | CBE Dodoma | General Collection | 12/18/2003 | 55000.00 | ||||||
| 06/18/2025 | 658.4 STR | MZA0001399 | 165000.00 | 06/18/2025 | Books | Dewey Decimal Classification | CBE Mwanza | CBE Mwanza | General Collection | 08/02/2017 | Library Budget | 55000.00 | |||||
| 06/18/2025 | 658.4 STR | MZA0001400 | 165000.00 | 06/18/2025 | Books | Dewey Decimal Classification | CBE Mwanza | CBE Mwanza | General Collection | 08/02/2017 | Library Budget | 55000.00 |
